Herramientas para la administración y valuación del capital intelectual (Registro nro. 26665)
[ vista simple ]
| 000 -LEADER | |
|---|---|
| fixed length control field | 00420 a2200121 4500 |
| 001 - CONTROL NUMBER | |
| control field | ART_12904 |
| 005 - DATE AND TIME OF LATEST TRANSACTION | |
| control field | 20260410161909.0 |
| 008 - FIXED-LENGTH DATA ELEMENTS--GENERAL INFORMATION | |
| fixed length control field | 260409a |
| 100 1# - MAIN ENTRY--PERSONAL NAME | |
| Personal name | Enriquez de Rivera, Sylvia Meljem |
| 245 10 - TITLE STATEMENT | |
| Title | Herramientas para la administración y valuación del capital intelectual |
| 700 1# - ADDED ENTRY--PERSONAL NAME | |
| Personal name | Alcalá Canto, María Iztchel |
| 773 0# - HOST ITEM ENTRY | |
| Title | Costos y gestión |
| Related parts | - Año 13, Nº 53 (sep. 2004) |
| Record control number | REV12786 |
No hay ítems disponibles.